000 01020nmm a2200289 a 4500
001 ocm000703826
003 TR-IsHL
005 20201028140212.0
008 131212s1997 tu tur
007 cr cn
035 _a703826
_b(N$T)
050 0 4 _aHC340.19
_bU37 1997
090 0 4 _aHC340.19
_bU37 1997
245 1 0 _aUkrayna ülke profili, mevzuat ve Türk girişimcileri
_h[electronic resource] /
_chaz. Cengiz Ersun, Tezer Palacıoğlu
260 _aİstanbul :
_bİstanbul Ticaret Odası,
_c1997
300 _a80 p.
650 4 _aEkonomi ve Finans
650 4 _aEconomics and Finance
650 0 _aUkrayna
_x Ekonomik koşullar
650 0 _aUkrainian
_x Economic policy
650 0 _aUkrayna
_x Ekonomi politikası
650 0 _aUkrainian
_x Economic conditions
650 7 _aBUSINESS & ECONOMICS / Economic Conditions
_2bisacsh
700 1 _aErsun, Cengiz
700 1 _aPalacıoğlu, Tezer
856 4 0 _uhttp://search.ebscohost.com/login.aspx?direct=true&scope=site&db=e011xww&AN=703826
999 _c7161
_d7161